000 00388 a2200157 4500
001 72225
020 _a8521507178
040 _cAnchieta - Colégio São Paulo
100 _aViana, Mauro César Silva
240 1 0 _aDe coração para coração
_lpor
245 1 0 _aDe coração para coração
300 _a[20p.]
362 0 _a1994
650 4 _aLiteratura infanto-juvenil
942 _cBK
999 _c72225
_d72225